000 00986nam a22002417a 4500
003 OSt
005 20260416175023.0
008 260212b |||||||| |||| 00| 0 eng d
040 _c0
082 _2DPer 796.07 J836 January-October 2023 v. 42 n. 1-4
100 _aPereira, Paulo.
_eauthor.
_969708
245 _aPortuguese Students' Perceptions About the Motivational Climate in Physical Education /
_cPaulo Pereira, Fernando Santos, and Daniel A. Marinho.
260 _aUS ;
_bHuman KInetic, Inc. ,
_cApril 2023.
300 _aVolume 42, pages 313-322 :
_billustration ;
_c29 cm.
500 _aJournal of Teaching in Physical Education, vol. 42 no. 2, pages 313-322, January-October 2023.
650 0 _aAthletics.
_92672
650 0 _aEducational environment.
_964913
650 0 _aExtracurricular Activities
_970621
700 _aPereira, Paulo.
_eauthor.
_969708
700 _aSantos, Fernando.
_eauthor.
_966951
700 _aMarinho, Daniel A.
_eauthor.
_969709
942 _2ddc
_cPER
999 _c24317
_d24317